[Event "Bad Ragaz op"]
[Site "?"]
[Date "1993.??.??"]
[Round "9"]
[White "Gheorghiu, Florin"]
[Black "Giertz, Niklaus"]
[Result "1-0"]
[WhiteElo "2460"]
[BlackElo "2245"]

1.c4 c5 2.Nf3 Nf6 3.Nc3 g6 4.e4 d6 5.d4 cxd4 6.Nxd4 Nc6 7.Be2 Nxd4 8.Qxd4 Bg7
9.Be3 O-O 10.Qd2 Be6 11.Rc1 Qa5 12.f3 Rac8 13.b3 a6 14.Na4 Qxd2+ 15.Kxd2 Nd7
16.Rc2 f5 17.exf5 gxf5 18.Rhc1 Rc6 19.f4 Nf6 20.Bf3 Ne4+ 21.Kd3 b5 22.cxb5 Rxc2
23.Rxc2 axb5 24.Nb6 Rd8 25.Rc7 Nc5+ 26.Kc2 Nd7 27.Nc8 Bf6 28.Na7 Nb8 29.Nc6 Nxc6
30.Bxc6 d5 31.Bxb5 d4 32.Bd2 Bd5 33.Bc4 Bxc4 34.Rxc4 e5 35.fxe5 Bxe5 36.Kd3 Kf7
37.g3 Ke6 38.a4 h5 39.Bf4  1-0

[Event "Badalona op"]
[Site "Badalona"]
[Date "1993.??.??"]
[Round "4"]
[White "Suba, Mihai"]
[Black "Ibanez, Enrique"]
[Result "1-0"]
[WhiteElo "2500"]
[BlackElo "2190"]

1.Nf3 Nf6 2.c4 c5 3.Nc3 e6 4.g3 b6 5.Bg2 Bb7 6.O-O Be7 7.d4 cxd4 8.Qxd4 O-O
9.Rd1 Na6 10.Bf4 Nc5 11.Bd6 Bxd6 12.Qxd6 Nce4 13.Nxe4 Bxe4 14.Rd4 Qc8 15.g4 Rd8
16.g5 Ne8 17.Qf4 d5 18.Ne5 f6 19.gxf6 gxf6 20.Bxe4 fxe5 21.Bxh7+ Kh8 22.Qf8+ Kxh7
23.Rg4  1-0

[Event "Bagneux"]
[Site "Bagneux"]
[Date "1993.??.??"]
[Round "6"]
[White "Gyorkos, Lajos"]
[Black "Borne, Niels"]
[Result "0-1"]
[WhiteElo "2435"]
[BlackElo "2275"]

1.Nf3 Nf6 2.c4 c5 3.Nc3 b6 4.e4 d6 5.d4 cxd4 6.Nxd4 Bb7 7.Bd3 g6 8.O-O Bg7
9.Qe2 O-O 10.Rd1 Qc8 11.Nf3 Nc6 12.Bg5 h6 13.Bd2 e6 14.Rac1 Re8 15.Qf1 Qd7
16.Bb1 Qe7 17.h3 Rac8 18.b3 Red8 19.Be3 Rd7 20.Rd2 Kh7 21.Nh2 Rcd8 22.Ng4 Qf8
23.Qd1 Ne8 24.f4 Qh8 25.Nb5 Ba8 26.Nd4 Nxd4 27.Bxd4 Bxd4+ 28.Rxd4 Nf6 29.Nxf6+ Qxf6
30.Qd2 Bc6 31.Rf1 e5 32.fxe5 Qxe5 33.Rd1 Kg7 34.Bc2 Qg3 35.b4 Qe5 36.a4 a5
37.Qc3 Bb7 38.bxa5 bxa5 39.Qb3 Qc5 40.Qb5 Bc6 41.Qxc5 dxc5 42.Rxd7 Rxd7 43.Rxd7 Bxd7
44.Kf2 Kf6 45.h4 Ke5 46.Ke3 f6 47.Bd1 Bc6 48.Bc2 h5 49.g3 g5 50.Bd1 gxh4
51.gxh4 Bxe4 52.Bxh5 f5 53.Bf3 f4+ 54.Ke2 Bf5 55.Kf2 Bd7 56.Bd1 Kf5 57.Ke1 Bc6
58.Kd2 Be4 59.Bh5 Bg2 60.Ke2 Bc6 61.Bf7 Bxa4 62.h5 Kg5 63.Kd3 Bd1 64.Ke4 Bxh5  0-1

[Event "Bagneux"]
[Site "Bagneux"]
[Date "1993.??.??"]
[Round "8"]
[White "Gollain, Marc"]
[Black "Derrieux, C."]
[Result "1/2-1/2"]
[WhiteElo "2285"]
[BlackElo "2285"]

1.c4 Nf6 2.Nf3 c5 3.Nc3 d5 4.cxd5 Nxd5 5.g3 Nc6 6.Bg2 e5 7.Nxe5 Nxc3 8.Nxc6 Nxd1
9.Nxd8 Nxf2 10.Nxf7 Nxh1 11.Nxh8 Nxg3 12.hxg3 Bd6 13.Kf2 Be6 14.Bxb7 Rb8
15.Be4 Kd7 16.b3 Rxh8 17.Bb2 Rf8+ 18.Kg2 h5 19.Bf3 Rf5 20.Rh1 g6 21.Kf2 Rg5
22.Rg1 c4 23.bxc4 Bxc4 24.a3  1/2-1/2

[Event "Barbera op"]
[Site "Barbera"]
[Date "1993.??.??"]
[Round "7"]
[White "Bordell Rosell, Roman"]
[Black "Franco Ocampo, Zenon"]
[Result "0-1"]
[WhiteElo "2275"]
[BlackElo "2505"]

1.Nf3 c5 2.c4 Nf6 3.Nc3 d5 4.cxd5 Nxd5 5.d4 e6 6.e4 Nxc3 7.bxc3 cxd4 8.cxd4 Nc6
9.a3 Be7 10.Bc4 b5 11.Be2 a6 12.O-O O-O 13.Be3 Bb7 14.Qb1 Rc8 15.Rd1 Na5
16.Nd2 Rc3 17.Qb2 Qc7 18.Rac1 Rc8 19.Nb1 Rxc1 20.Rxc1 Qd8 21.Rxc8 Qxc8 22.f3 Nc4
23.Bxc4 Qxc4 24.Kf2 f5 25.exf5 exf5 26.Bf4 Bd5 27.Kg3 g5 28.Be5 Qf1 29.h3 Qg1
30.f4 h5 31.fxg5 Bxg5 32.h4 Qe1+ 33.Kh2 Qxh4+ 34.Kg1 Be3+  0-1

[Event "Oberliga Bayern9394"]
[Site "Bayern"]
[Date "1993.??.??"]
[Round "?"]
[White "Droletz, Juergen"]
[Black "Lickleder, Andreas"]
[Result "1/2-1/2"]
[WhiteElo "2140"]
[BlackElo "2120"]

1.Nf3 c5 2.c4 Nf6 3.Nc3 b6 4.g3 Bb7 5.Bg2 e6 6.O-O Be7 7.d4 cxd4 8.Qxd4 d6
9.b3 Nbd7 10.e4 Nc5 11.Nd2 O-O 12.Bb2 a6 13.Rfd1 Qc7 14.Rac1 Rac8 15.Nf1 Qb8
16.Ne3 e5 17.Qd2 Ncxe4 18.Nxe4 Nxe4 19.Qe2 Qa8 20.Nf5 Bg5 21.f4 Bf6 22.Nxd6 Nxd6
23.Rxd6 Bxg2 24.Qxg2 Be7 25.Rd5 Bc5+ 26.Kh1 exf4 27.gxf4 f6 28.Bd4  1/2-1/2

[Event "Beersheba"]
[Site "Beersheba"]
[Date "1993.??.??"]
[Round "8"]
[White "Huzman, Alexander"]
[Black "Gurevich, Dmitry"]
[Result "1/2-1/2"]
[WhiteElo "2520"]
[BlackElo "2575"]

1.Nf3 Nf6 2.c4 c5 3.Nc3 b6 4.g3 Bb7 5.Bg2 g6 6.b3 d5 7.Nxd5 Nxd5 8.cxd5 Bg7
9.Rb1 Qxd5 10.Bb2 e5 11.O-O O-O 12.d3 Qd6 13.a3 a5 14.Qc2 Nc6 15.Nd2 Rfe8
16.Nc4 Qc7 17.e3 Rad8 18.Rbd1 Ba8 19.Qb1 Re7 20.a4 Nb4 21.Bxa8 Rxa8 22.d4 cxd4
23.exd4 exd4 24.Bxd4 Bxd4 25.Rxd4 Rae8 26.Qd1 Nc6 27.Rd5 Ne5  1/2-1/2

[Event "Beersheba"]
[Site "Beersheba"]
[Date "1993.??.??"]
[Round "8"]
[White "Gulko, Boris F"]
[Black "Greenfeld, Alon"]
[Result "1/2-1/2"]
[WhiteElo "2635"]
[BlackElo "2590"]

1.c4 c5 2.Nf3 Nf6 3.Nc3 e6 4.e3 d5 5.d4 dxc4 6.Bxc4 a6 7.a4 Nc6 8.O-O Be7
9.Ne5 Nb4 10.dxc5 O-O 11.Qxd8 Rxd8 12.c6 Nxc6 13.Nxc6 bxc6 14.Rd1 Rxd1+ 15.Nxd1 Bb4
16.f3 Nd7 17.e4 Ne5 18.Be2 c5 19.Ne3 Nc6 20.Nc2 Nd4 21.Nxd4 cxd4 22.Bf4 Bd7
23.a5 f6 24.e5 Rc8 25.Bxa6 Ra8 26.Bc4 Rxa5 27.Rxa5 Bxa5 28.exf6 gxf6 29.Bd6 Bb6
30.Kf1 Kf7 31.f4 Ke8 32.b4 Ba4 33.g4 Kd7 34.Bf8 Bc7 35.Bc5  1/2-1/2

[Event "Belgrade Trako"]
[Site "Belgrade"]
[Date "1993.??.??"]
[Round "2"]
[White "Makarov, Marat"]
[Black "Stojanov, Svetlin"]
[Result "1-0"]
[WhiteElo "2515"]
[BlackElo "2305"]

1.Nf3 Nf6 2.c4 c5 3.Nc3 g6 4.d4 cxd4 5.Nxd4 Bg7 6.g3 O-O 7.Bg2 Nc6 8.O-O Ng4
9.e3 Nge5 10.b3 d6 11.Bb2 Bg4 12.f3 Bd7 13.Kh1 Qc8 14.Nd5 Re8 15.Rc1 Nd8
16.Qd2 Ne6 17.Ne2 Nc5 18.Ba1 Qd8 19.Rcd1 Rc8 20.f4 Nc6 21.Bxg7 Kxg7 22.b4 Ne6
23.Nec3 Kg8 24.Rc1 Ng7 25.Ne4 f5 26.Nf2 Rf8 27.Rfd1 Qe8 28.a3 Nd8 29.e4 Qf7
30.Re1 e6 31.Ne3 Ne8 32.c5 dxc5 33.Nc4 Nc6 34.bxc5 Rd8 35.e5 Qg7 36.Nd6 Bc8
37.Nd3 Nc7 38.Nb4 Ne7 39.Qa2 a5 40.Nc2 Ncd5 41.Nd4 Nc7 42.Rb1 Ned5 43.Nxc8 Nc3
44.Qb2 Nxb1 45.Nd6 Nxa3 46.Qxa3 Qd7 47.Bxb7 Rb8 48.Qxa5 h6 49.c6 Qe7 50.N4b5 Nxb5
51.Qxb5 g5 52.Qb6  1-0

[Event "Belgrade Trako"]
[Site "Belgrade"]
[Date "1993.??.??"]
[Round "8"]
[White "Makarov, Marat"]
[Black "Arsovic, Zoran"]
[Result "1/2-1/2"]
[WhiteElo "2515"]
[BlackElo "2295"]

1.Nf3 c5 2.c4 Nf6 3.Nc3 e6 4.g3 b6 5.Bg2 Bb7 6.O-O d6 7.Re1 Be7 8.e4 Nc6
9.d4 cxd4 10.Nxd4 Nxd4 11.Qxd4 O-O 12.b3 a6 13.Bb2 Qc7 14.Rac1 Rab8 15.h3 Rfd8
16.Kh2 Bf8 17.b4 Ba8 18.a3 Rbc8 19.Nb1 Qb8 20.Qd3  1/2-1/2

[Event "Benasque op"]
[Site "Benasque"]
[Date "1993.??.??"]
[Round "6"]
[White "Ubilava, Elizbar"]
[Black "Nedobora, Mikhail"]
[Result "1/2-1/2"]
[WhiteElo "2530"]
[BlackElo "2440"]

1.c4 Nf6 2.Nc3 c5 3.Nf3 b6 4.e3 e6 5.d4 cxd4 6.exd4 Bb4 7.Bd3 Bb7 8.O-O O-O
9.Bg5 Bxc3 10.bxc3 h6 11.Bh4 d6 12.a4 Nbd7 13.a5 Qc7 14.Nd2 Rac8 15.Bg3 Qc6
16.Qf3 Qxf3 17.Nxf3 d5 18.cxd5 Rxc3 19.dxe6 Rxd3 20.exd7 Bxf3 21.gxf3 Rxd4
22.axb6 axb6 23.Bc7 Rxd7 24.Bxb6 Nd5 25.Be3 Nxe3  1/2-1/2

[Event "Benidorm op"]
[Site "Benidorm"]
[Date "1993.??.??"]
[Round "6"]
[White "Spraggett, Kevin"]
[Black "Garcia Trobat, Francisco"]
[Result "1/2-1/2"]
[WhiteElo "2565"]
[BlackElo "2300"]

1.c4 c5 2.Nf3 Nf6 3.Nc3 e6 4.g3 b6 5.Bg2 Bb7 6.O-O Be7 7.b3 Ne4 8.Bb2 Nxc3
9.Bxc3 Bf6 10.d4 d6 11.Rc1 Nd7 12.Qd2 Qc7 13.Rfd1 O-O 14.dxc5 Bxc3 15.Rxc3 Nxc5
16.Qe3 Rfd8 17.b4 Ne4 18.Rcc1 Nf6 19.a3 Rac8 20.h3 Qb8 21.Nd4 Bxg2 22.Kxg2 Qb7+
23.Qf3 Qxf3+ 24.Kxf3 Nd7 25.Nb5 Rxc4 26.Nxd6 Ne5+ 27.Ke3 Rxc1 28.Rxc1 f5
29.Nb5 a6 30.Nd4 Rd6 31.a4 Kf7 32.Rc7+ Kf6 33.f4 Nd7 34.Ra7 e5 35.Nf3 exf4+
36.gxf4 h6 37.h4 Ke6 38.Nd4+ Kf6 39.Rxa6 g5 40.hxg5+ hxg5 41.fxg5+ Kxg5 42.Ra7 Ne5
43.Rg7+ Kf6 44.Rc7 Ng4+ 45.Kd3 Ke5 46.Re7+ Kf6 47.Re8 Kf7 48.Rb8 Ne5+ 49.Kc3 Rxd4
50.Kxd4 Nc6+ 51.Kc4 Nxb8 52.Kb5 Nd7 53.a5 bxa5 54.bxa5 Nb8 55.a6 Nxa6 56.Kxa6 Ke6
57.Kb7 Kd6 58.Kc8 f4 59.Kd8 Ke5 60.Ke7 f3  1/2-1/2

[Event "Bern op"]
[Site "Bern"]
[Date "1993.??.??"]
[Round "2"]
[White "Kievelitz, Bernd"]
[Black "Miezis, Normunds"]
[Result "0-1"]
[WhiteElo "2150"]
[BlackElo "2420"]

1.Nf3 c5 2.c4 Nf6 3.Nc3 d5 4.cxd5 Nxd5 5.e4 Nb4 6.Bc4 e6 7.O-O N4c6 8.b3 Be7
9.Bb2 Bf6 10.Bb5 O-O 11.Bxc6 Nxc6 12.Re1 Ne5 13.Nxe5 Bxe5 14.Na4 Bxb2 15.Nxb2 Qd4
16.Qc2 Rd8 17.d3 b6 18.Rad1 e5 19.Rd2 Ba6 20.h3 Rac8 21.Red1 g6 22.Nc4 b5
23.Ne3 Bb7 24.Qb2 Kg7 25.Qxd4 cxd4 26.Nc2 Rc3 27.Kf1 a5 28.Na3 Ba6 29.Rc2 b4
30.Rxc3 dxc3 31.Nc4 Bxc4 32.bxc4 Rxd3  0-1

[Event "Biel op"]
[Site "Biel"]
[Date "1993.??.??"]
[Round "7"]
[White "Langeweg, Kick"]
[Black "Moiseev, Viktor"]
[Result "0-1"]
[WhiteElo "2380"]
[BlackElo "2450"]

1.Nf3 c5 2.c4 Nf6 3.Nc3 b6 4.d4 cxd4 5.Nxd4 Bb7 6.f3 e6 7.e4 d6 8.Be3 Be7
9.Be2 O-O 10.O-O Nbd7 11.Qd2 a6 12.a4 Re8 13.a5 d5 14.cxd5 exd5 15.exd5 Nc5
16.Bg5 bxa5 17.Kh1 Bxd5  0-1

[Event "Bojnice"]
[Site "Bojnice"]
[Date "1993.??.??"]
[Round "?"]
[White "Kolesar, Milan"]
[Black "David, Pavel"]
[Result "1/2-1/2"]
[WhiteElo "2300"]
[BlackElo "2415"]

1.c4 Nf6 2.Nf3 c5 3.Nc3 e6 4.e3 Nc6 5.d4 d5 6.cxd5 exd5 7.Be2 cxd4 8.Nxd4 Bd6
9.O-O O-O 10.Nf3 a6 11.b3 Be6 12.Bb2 Qe7 13.Ng5 Rad8 14.Qd3 Ne5 15.Qc2 h6
16.Nxe6 fxe6 17.h3 Nc6 18.Rad1 Bb8 19.g3 Ne8 20.Na4 Nd6 21.Qg6 Nf5 22.e4 dxe4
23.Bc4 Nfd4 24.Qxe4 Ba7 25.Bd3 Nf3+ 26.Kg2 Ng5 27.Qg4 Bd4 28.f4 Bxb2  1/2-1/2

[Event "Bonn GSK"]
[Site "Bonn"]
[Date "1993.??.??"]
[Round "?"]
[White "Von Gleich, Alexander"]
[Black "Roos, Thomas"]
[Result "1-0"]
[WhiteElo "2335"]
[BlackElo "2280"]

1.Nf3 Nf6 2.c4 c5 3.Nc3 b6 4.d4 cxd4 5.Nxd4 Bb7 6.f3 d6 7.e4 e6 8.Be2 Be7
9.O-O O-O 10.Be3 a6 11.Qd2 Nbd7 12.Rfd1 Qc7 13.Rac1 Rac8 14.Bf1 Rfe8 15.Kh1 Bf8
16.Qf2 Ba8 17.Nb3 Nc5 18.Nd2 Ncd7 19.b4 Qb8 20.a3 a5 21.bxa5 bxa5 22.Nb5 Nc5
23.Rb1 Bb7 24.Nb3 Nxb3 25.Rxb3 d5 26.exd5 exd5 27.c5 a4 28.Rb2 Qe5 29.Bd4 Qg5
30.Nd6 Bxd6 31.cxd6 Ba8 32.Qg3 Qxg3 33.hxg3 Re6 34.Rb6 Rd8 35.Rc1 h6 36.Bb5 Kh7
37.Bxa4 Rexd6 38.Rxd6 Rxd6 39.Bc2+ g6 40.Bd3 Bc6 41.Re1 Ng8 42.Kg1 f6 43.Bc5 Rd8
44.Re6 Ba4 45.Ra6 Be8 46.Ra7+ Rd7 47.Ra8 Rc7 48.Bd4 Bc6 49.Ra6 Kg7 50.a4 Ne7
51.g4 Kf7 52.Bb5 f5 53.Be5 Rc8 54.gxf5 gxf5 55.Kf2 h5 56.Ke3 h4 57.Bd6 Ke8
58.Ra7 Ng8 59.Ra8  1-0

[Event "Wch U18"]
[Site "Bratislava"]
[Date "1993.??.??"]
[Round "2"]
[White "Quinn, Mark"]
[Black "Fridman, Daniel"]
[Result "1/2-1/2"]
[WhiteElo "2270"]
[BlackElo "2380"]

1.c4 Nf6 2.Nc3 c5 3.Nf3 d5 4.cxd5 Nxd5 5.d4 cxd4 6.Qxd4 Nxc3 7.Qxc3 Bf5 8.Qb3 Qb6
9.Qxb6 axb6 10.Nd4 Bd7 11.e4 e6 12.f3 Na6 13.Be3 Nb4 14.Kf2 Bc5 15.Bc4 e5
16.Nb5 Bxe3+ 17.Kxe3 Ke7 18.Rhc1 Rhc8 19.Na3  1/2-1/2

[Event "Bratislava Slovan op"]
[Site "Bratislava"]
[Date "1993.??.??"]
[Round "6"]
[White "Dobrotka, Martin"]
[Black "Safyanovsky, Mark"]
[Result "1/2-1/2"]
[WhiteElo "2205"]
[BlackElo "2295"]

1.Nf3 c5 2.c4 Nf6 3.Nc3 e6 4.g3 b6 5.Bg2 Bb7 6.O-O Be7 7.d3 O-O 8.e3 Nc6
9.b3 d5 10.Ne2 Qc7 11.a3 Rad8 12.Qc2 dxc4 13.dxc4 Na5 14.Nc3 Qb8 15.Re1 Qa8
16.e4 Nc6 17.Qb1 Ng4 18.h3 Bf6 19.Bb2 Nge5 20.Nxe5 Bxe5 21.Ne2 Bxb2 22.Qxb2 Nd4
23.Nxd4 Rxd4 24.Qc2 Rfd8 25.Rad1 h6 26.Rxd4 Rxd4 27.f3 Qd8 28.Re2 Rd1+ 29.Kh2 Qd4
30.Rf2 Rd3 31.Re2 Bc6 32.a4 g5 33.Qb2 Rd1 34.Qxd4 cxd4 35.Rb2 d3 36.g4 Rc1
37.Kg3 Rc2 38.Rb1 Kf8 39.Bf1 d2 40.Rd1 Ke7 41.Kf2 Rb2 42.Bd3 Rxb3 43.Rxd2 Bxa4
44.Ke3 Kd6 45.Ra2 Rb4 46.h4 a5 47.f4 gxf4+ 48.Kxf4 f6 49.Rd2 Ke7 50.e5 Bb3
51.exf6+ Kxf6 52.g5+ hxg5+ 53.hxg5+ Ke7 54.Ke5 Bxc4 55.Be4 Rb5+ 56.Kf4 Rc5
57.Rh2 a4 58.Rh7+ Kd6 59.Rb7 Rc7 60.Rxb6+ Kc5 61.Rb1 a3 62.Ke5 a2 63.Rg1 Ra7
64.Ra1 Kb4 65.Bb1 Ra5+ 66.Kf6 e5 67.Bxa2 Bxa2 68.Rxa2 Rxa2 69.Kxe5 Kc5 70.g6 Rg2
71.Kf6 Kd6 72.g7 Rf2+ 73.Kg6 Rg2+ 74.Kf7 Rxg7+  1/2-1/2

[Event "Bucharest2"]
[Site "Bucharest"]
[Date "1993.??.??"]
[Round "6"]
[White "Daly, Colm"]
[Black "Stefanov, Parik"]
[Result "0-1"]
[WhiteElo "2275"]
[BlackElo "2355"]

1.c4 Nf6 2.Nc3 e6 3.Nf3 c5 4.g3 b6 5.Bg2 Bb7 6.O-O Be7 7.b3 O-O 8.Bb2 d6
9.e3 a6 10.Qe2 Nbd7 11.Rfd1 Rc8 12.Rac1 Qc7 13.d4 Rfe8 14.d5 exd5 15.cxd5 b5
16.Nh4 Bf8 17.a4 b4 18.Nb1 g6 19.Nd2 a5 20.Nc4 Bg7 21.Qc2 Ba6 22.Re1 Bxc4
23.bxc4 Nb6 24.Bh3 Rb8 25.Qb3 Ne4 26.Bxg7 Kxg7 27.f3 Nc3 28.Rxc3 bxc3 29.Qxc3+ f6
30.Ra1 Nd7 31.Ng2 Rb4 32.Nf4 Ne5 33.Ne6+ Rxe6 34.dxe6 Rxc4 35.Qb3 Nxf3+ 36.Kf2 Ne5
37.Rd1 f5 38.Qb5 Rb4 39.Qa6 Rb6 40.Qa8 c4 41.Rd5 Rb2+ 42.Kf1 c3  0-1

[Event "Budapest FS02 IM"]
[Site "Budapest"]
[Date "1993.??.??"]
[Round "?"]
[White "Farago, Sandor"]
[Black "Krutti, Valer"]
[Result "1/2-1/2"]
[WhiteElo "2340"]
[BlackElo "2345"]

1.c4 Nf6 2.Nf3 c5 3.Nc3 b6 4.g3 Bb7 5.Bg2 e6 6.O-O Be7 7.Re1 d6 8.e4 a6 9.d4 cxd4
10.Nxd4 Qc7 11.b3 O-O 12.Bb2 Nbd7 13.Rc1 Rfe8 14.Nc2 Rac8 15.Ne3 Qb8 16.f3 Qa8
17.a3 Rc7 18.Kh1 Rc5 19.b4 Rc7 20.Qd4 Rec8 21.g4 g5 22.h4 h6 23.hxg5 hxg5
24.Ncd5 Bxd5 25.exd5 e5 26.Qd3 Nf8 27.Nf5 Ng6 28.Qe3 Bf8 29.Bf1 b5 30.cxb5 axb5
31.Rxc7 Rxc7 32.Qxg5 Nxd5 33.Bd3 Nf4 34.Be4 d5 35.Bxe5 dxe4 36.Bxf4 exf3
37.Rf1 Rc4 38.Bd6 f2+ 39.Kh2 Qf3 40.Bxf8 Qe2 41.Ng3 Qf3 42.Qh6 Qf6 43.Bg7 Qxg7
44.Qxg7+ Kxg7 45.Nf5+ Kg8 46.Rxf2 Ne5 47.Nh6+ Kg7 48.g5 Rc3 49.Kg2 Rxa3 50.Rf6 Rb3
51.Nf5+ Kg8 52.Ne7+ Kg7 53.Nf5+ Kg8 54.Ne7+ Kg7 55.Nd5 Nd3  1/2-1/2

[Event "Budapest FS04 IM"]
[Site "Budapest"]
[Date "1993.??.??"]
[Round "3"]
[White "Vadasz, Laszlo"]
[Black "Yip, Michael"]
[Result "1-0"]
[WhiteElo "2360"]
[BlackElo "2100"]

1.Nf3 Nf6 2.c4 c5 3.Nc3 e6 4.g3 b6 5.Bg2 Bb7 6.O-O Be7 7.d4 cxd4 8.Qxd4 d6
9.Bg5 h6 10.Bxf6 Bxf6 11.Qd3 O-O 12.Ng5  1-0

[Event "Spring op"]
[Site "Budapest"]
[Date "1993.??.??"]
[Round "4"]
[White "Lirindzakis, Timotheos"]
[Black "Klinger, Josef"]
[Result "1/2-1/2"]
[WhiteElo "2370"]
[BlackElo "2445"]

1.c4 c5 2.Nf3 Nf6 3.Nc3 e6 4.g3 Be7 5.Bg2 O-O 6.O-O a6 7.b3 d6 8.d4 cxd4
9.Nxd4 Nbd7 10.Bb2 Ne5 11.Qd2 Qc7 12.Rac1 Bd7 13.e4 Rac8 14.Kh1 Qb8 15.f4 Nc6
16.Nc2 b5 17.Ne3 Rfd8 18.g4 bxc4 19.g5 Ne8 20.Nxc4 Nb4 21.f5 d5 22.fxe6 Bxe6
23.Nxd5 Bf8 24.Bc3  1/2-1/2

[Event "Statistika"]
[Site "Budapest"]
[Date "1993.??.??"]
[Round "9"]
[White "Fancsy, Imre"]
[Black "Somogyi, Istvan"]
[Result "1-0"]
[WhiteElo "2300"]
[BlackElo "2295"]

1.Nf3 Nf6 2.c4 c5 3.Nc3 g6 4.g3 Bg7 5.Bg2 O-O 6.O-O Nc6 7.d4 d6 8.dxc5 dxc5
9.Be3 Qa5 10.Qb3 Qb4 11.Na4 b6 12.Qxb4 Nxb4 13.Ne1 Be6 14.a3 Na6 15.Bxa8 Rxa8
16.Rc1 Ng4 17.Bg5 f6 18.Bf4 g5 19.Be3 Rd8 20.Nd3 Bf5 21.Rfd1 Rd6 22.Nc3 Nc7
23.Ne1 Nxe3 24.fxe3 Be6 25.Rxd6 exd6 26.Ne4 Ne8 27.Rd1 Bf8 28.b3 Kf7 29.Ng2 Bf5
30.Nd2 Ke6 31.e4 Bg6 32.Kf2 h5 33.h3 Bh6 34.g4 h4 35.Ne3 Bf8 36.Nf5 Nc7 37.Nb1 Be8
38.Nc3 Bc6 39.Nd5 Ne8 40.Rd3 Kd7 41.b4 Ke6 42.b5 Bb7 43.a4 Kd7 44.Ra3 Kc8
45.a5 bxa5 46.Rxa5 Kb8 47.Ra1 Ng7 48.Nxf6 Nxf5 49.exf5 Bg7 50.Nd7+ Kc7 51.f6  1-0

[Event "Statistika"]
[Site "Budapest"]
[Date "1993.??.??"]
[Round "9"]
[White "Gyorkos, Lajos"]
[Black "Habibi, Ali"]
[Result "1-0"]
[WhiteElo "2435"]
[BlackElo "2305"]

1.Nf3 Nf6 2.c4 c5 3.Nc3 b6 4.e4 d6 5.d4 cxd4 6.Nxd4 Bb7 7.f3 a6 8.Be3 e6
9.Qd2 Be7 10.a4 O-O 11.Be2 Nbd7 12.O-O Rc8 13.Rfd1 Ne5 14.b3 Qc7 15.Rac1 Qb8
16.Bf1 Rfe8 17.h3 Red8 18.Qf2 Ned7 19.Qb2 Nh5 20.Nde2 Bh4 21.Qd2 Nc5 22.Rb1 Be7
23.Qe1 Re8 24.Qf2 Qc7 25.Nd4 g6 26.b4 Nd7 27.Nb3 d5 28.cxd5 Bd6 29.g4 Bg3
30.Qg2 Bf4 31.Bd4 e5 32.Bf2 Qxc3 33.gxh5 Kh8 34.Be1 Qc7 35.Bd2 g5 36.Kh1 Qd6
37.Rbc1 Rb8 38.b5 a5 39.Rc6 Qa3 40.Rb1 Bxc6 41.bxc6 Nf6 42.Bxf4 gxf4 43.Qg5 Qe7
44.Qf5 Ng8 45.Bb5 Nh6 46.Qd7 Qg5 47.Rg1 Qxh5 48.Nd2 Rg8 49.c7 Rxg1+ 50.Kxg1 Rg8+
51.Kf1 f5 52.c8=Q Qxh3+ 53.Ke1 Qg3+ 54.Kd1  1-0

[Event "Buenos Aires FMD op"]
[Site "Buenos Aires"]
[Date "1993.??.??"]
[Round "3"]
[White "Ricardi, Pablo"]
[Black "Malbran, Guillermo"]
[Result "1/2-1/2"]
[WhiteElo "2470"]
[BlackElo "2355"]

1.Nf3 Nf6 2.c4 c5 3.Nc3 d5 4.cxd5 Nxd5 5.g3 g6 6.Bg2 Bg7 7.O-O O-O 8.Nxd5 Qxd5
9.d3 Nc6 10.Be3 Qd6 11.Rc1 Nd4 12.Nxd4 Bxd4 13.Qd2 Bg4 14.Bxd4 cxd4 15.Bxb7 Rab8
16.Bg2 Rfc8 17.h3 Be6 18.a3 Qd7 19.Kh2 Qb5 20.b4 Qe5 21.e3 Bd5 22.e4 Bb7
23.f4 Qb5 24.Rfd1 Rxc1 25.Rxc1 Rc8 26.Rxc8+ Bxc8 27.Qc2 Be6 28.Bf1 Qb6 29.Kg2 Kf8
30.Kf2 f6 31.g4 Ke8 32.f5 Bd7 33.Qc4 Kf8 34.Qd5 g5 35.e5 Be8 36.exf6 exf6
37.Bg2 Bf7 38.Qc5+ Qxc5 39.bxc5 Ke7 40.Bb7 Kd8 41.Kf3 Kc7 42.Ba8 Kb8 43.Bc6 Kc7
44.Ba8 Kb8 45.Bc6 Kc7 46.Ba8 Kb8  1/2-1/2

[Event "Buenos Aires CAA op"]
[Site "Buenos Aires"]
[Date "1993.??.??"]
[Round "5"]
[White "Garcia, Raimundo"]
[Black "Pierrot, Facundo"]
[Result "0-1"]
[WhiteElo "2375"]
[BlackElo "2315"]

1.Nf3 c5 2.c4 Nf6 3.Nc3 b6 4.g3 Bb7 5.Bg2 e6 6.O-O Be7 7.Re1 d6 8.e4 O-O
9.d4 cxd4 10.Nxd4 Qc8 11.b3 a6 12.Bb2 Nbd7 13.Rc1 Qc7 14.Qd2 Rac8 15.f4 Qb8
16.Bf3 Rfd8 17.Re2 Bf8 18.Qe1 Nc5 19.Rd1 b5 20.cxb5 axb5 21.b4 Na4 22.Nxa4 bxa4  0-1

[Event "Buenos Aires Najdorf op"]
[Site "Buenos Aires"]
[Date "1993.??.??"]
[Round "11"]
[White "Ibar, Marcelo"]
[Black "Restifa, Hector"]
[Result "1/2-1/2"]
[WhiteElo "2300"]
[BlackElo "2315"]

1.Nf3 Nf6 2.c4 c5 3.Nc3 e6 4.g3 b6 5.Bg2 Bb7 6.O-O Be7 7.Re1 d6 8.e4 Nbd7
9.d4 cxd4 10.Nxd4 Qb8 11.Bg5 h6 12.Bxf6 Bxf6 13.f4 O-O 14.Ndb5 Be7 15.e5 Bxg2
16.exd6 Bxd6 17.Kxg2 Qb7+ 18.Qf3 Qxf3+ 19.Kxf3 Bb4 20.a3 Bxc3 21.Nxc3 Nc5
22.Rad1 Rfd8 23.Rxd8+ Rxd8 24.Rd1 Rxd1 25.Nxd1 Kf8 26.b4 Nb7 27.Ke3 Ke7 28.Nc3 Nd6
29.Kd3 Kd7 30.g4 Kc6 31.Kd4 f6 32.b5+ Kd7 33.c5 bxc5+ 34.Kxc5 g5 35.fxg5 hxg5
36.a4 f5 37.gxf5 exf5 38.a5 f4 39.Kd4 g4 40.a6 g3 41.hxg3 fxg3 42.Ke3 Nc8
43.Kf3 Kd6 44.Na4 Kd5 45.Kxg3 Kc4 46.b6 axb6 47.a7 Nxa7 48.Nxb6+  1/2-1/2

[Event "Cappelle op"]
[Site "Cappelle la Grande"]
[Date "1993.??.??"]
[Round "7"]
[White "Chuchelov, Vladimir"]
[Black "Rytshagov, Mikhail"]
[Result "1/2-1/2"]
[WhiteElo "2500"]
[BlackElo "2435"]

1.Nf3 Nf6 2.c4 c5 3.Nc3 d5 4.cxd5 Nxd5 5.d4 Nxc3 6.bxc3 g6 7.e3 Bg7 8.Bd3 O-O
9.O-O Nc6 10.Ba3 cxd4 11.cxd4 Qa5 12.Bb2 Be6 13.Qe2 Rac8 14.a3 Qa4 15.Ng5 Bd5
16.Rac1 e6 17.e4 Bb3 18.Nf3 a6 19.d5  1/2-1/2

[Event "Cappelle op"]
[Site "Cappelle la Grande"]
[Date "1993.??.??"]
[Round "8"]
[White "Krivonosov, Oleg"]
[Black "Fruteau, Sabine"]
[Result "1-0"]
[WhiteElo "2430"]
[BlackElo "2185"]

1.Nf3 Nf6 2.c4 c5 3.Nc3 g6 4.d4 cxd4 5.Nxd4 Bg7 6.e4 Nc6 7.Be3 O-O 8.Be2 d6
9.O-O Bd7 10.Qd2 Ng4 11.Bxg4 Bxg4 12.f3 Bd7 13.Rfd1 Qa5 14.Nxc6 bxc6 15.c5 Rfd8
16.cxd6 Be8 17.Nd5 Qxd2 18.Nxe7+ Kf8 19.Rxd2 Rab8 20.Rb1 Rb7 21.Bc5 Bf6 22.e5 Bxe5
23.d7 Rbxd7 24.Rxd7 Rxd7 25.Nxg6+ Kg8 26.Nxe5 Rd5 27.Re1  1-0

[Event "Ceske Budejovice op"]
[Site "Ceske Budejovice"]
[Date "1993.??.??"]
[Round "6"]
[White "Jurka, Miroslav"]
[Black "Totsky, Leonid"]
[Result "1/2-1/2"]
[WhiteElo "2340"]
[BlackElo "2430"]

1.Nf3 Nf6 2.c4 c5 3.Nc3 e6 4.g3 b6 5.Bg2 Bb7 6.O-O Be7 7.d4 cxd4 8.Qxd4 d6
9.Rd1 a6 10.Ng5 Bxg2 11.Kxg2 O-O 12.Be3 b5 13.cxb5 axb5 14.Nxb5 Nd5 15.Ne4 Nc6
16.Qd2 Nxe3+ 17.Qxe3 d5 18.Nec3 Qb8 19.a4 Qb7 20.Kg1 d4 21.Nxd4 Bc5 22.Qe4 Bxd4
23.Rxd4 Qxb2 24.Rdd1 Qxc3 25.Rdc1 Qe5 26.Qxc6 Qxe2 27.a5 Ra6 28.Qb7 g6 29.Re1 Qd3
30.Red1 Qc4 31.Rdc1 Qd3 32.Rd1 Qc4 33.Rdc1  1/2-1/2

[Event "JUG-chT"]
[Site "Cetinje"]
[Date "1993.??.??"]
[Round "?"]
[White "Makarov, Marat"]
[Black "Ruban, Vadim"]
[Result "1/2-1/2"]
[WhiteElo "2540"]
[BlackElo "2590"]

1.c4 c5 2.Nf3 Nf6 3.Nc3 e6 4.g3 d5 5.cxd5 Nxd5 6.Bg2 Nc6 7.O-O Be7 8.d4 O-O
9.Nxd5 exd5 10.Be3 c4 11.b3 cxb3 12.Qxb3 Na5 13.Qb1 Be6 14.Ne5 b6 15.Bd2 f6
16.Nd3 Nc4 17.Bb4 Bxb4 18.Qxb4 Qd7 19.Rfc1 Rac8 20.Nf4 Bf7 21.h4 g6 22.Rc2 Rc7
23.Rac1 Rfc8 24.Bh3 f5 25.Bg2 a5 26.Qb3 b5 27.Nd3 b4 28.Nc5 Qb5 29.a4 Qe8
30.e3 Qe7 31.Bf1 Qd6 32.Bg2 h6 33.Qd3 Qf6 34.Bh3 h5 35.Bg2 Re7 36.Nb3 Rce8
37.Re2 g5 38.hxg5 Qxg5 39.Nd2 Nxd2 40.Rxd2 Be6 41.Rdc2 h4 42.gxh4 Qxh4 43.Rc7 Qg4
44.Qb5 Kh8 45.Rxe7 Rxe7 46.Qb8+ Kh7 47.Qh2+ Kg8 48.Qb8+ Kh7 49.Qh2+  1/2-1/2

[Event "JUG-chT"]
[Site "Cetinje"]
[Date "1993.??.??"]
[Round "?"]
[White "Todorovic, Goran N"]
[Black "Raicevic, Ivica"]
[Result "1-0"]
[WhiteElo "2405"]
[BlackElo "2350"]

1.c4 Nf6 2.Nc3 c5 3.Nf3 e6 4.g3 b6 5.Bg2 Bb7 6.O-O Be7 7.d4 cxd4 8.Qxd4 d6
9.Rd1 a6 10.Be3 Nbd7 11.Ng5 Bxg2 12.Kxg2 Rc8 13.Nge4 Rc6 14.Rac1 O-O 15.f3 Qc7
16.b3 Rc8 17.Qd2 Qb8 18.Bf4 Ne5 19.Nxf6+ Bxf6 20.Ne4 Be7 21.h4 h6 22.h5 f5
23.Nf2 Nf7 24.Nd3 Qb7 25.Be3 b5 26.cxb5 Qxb5 27.Rxc6 Rxc6 28.Nf4 d5 29.Rc1 Bf6
30.Rc2 d4 31.Bf2 e5 32.Ng6 Bg5 33.Qd1 Rd6 34.Rc8+ Rd8 35.Qc2 Qd7 36.Rxd8+ Bxd8
37.Qc4 a5 38.Nxe5 Qc7 39.Qxf7+ Qxf7 40.Nxf7 Kxf7 41.Bxd4 g6 42.hxg6+ Kxg6
43.Be5 h5 44.Kf2 Bb6+ 45.e3 Kf7 46.Ke2 Ke6 47.Bf4 Kd5 48.Kd3 Kc5 49.Be5 Bd8
50.Bc3 a4 51.bxa4 h4 52.gxh4 Bxh4 53.a3 Kd5 54.a5 Kc5 55.a4 Kc6 56.Bd4 Bf2
57.a6 Bg1 58.e4 Bf2 59.a7 Kb7 60.Kc4  1-0

[Event "JUG-chT"]
[Site "Cetinje"]
[Date "1993.??.??"]
[Round "?"]
[White "Makarov, Marat"]
[Black "Djuric, Stefan"]
[Result "1/2-1/2"]
[WhiteElo "2540"]
[BlackElo "2495"]

1.Nf3 Nf6 2.c4 c5 3.Nc3 d5 4.cxd5 Nxd5 5.d4 Nxc3 6.bxc3 g6 7.e3 Bg7 8.Bd3 O-O
9.O-O Qc7 10.Rb1 b6 11.Qe2 a6 12.h3 Nd7 13.e4 e5 14.d5 b5 15.a4 c4 16.Bc2 Rb8
17.Ba3 Re8 18.Qe3 Bf8 19.Bxf8 Nxf8 20.axb5 axb5 21.Ra1 Nd7 22.Ra7 Qb6 23.Qxb6 Rxb6
24.Rb1 Ra6 25.Ra1 Rxa1+ 26.Rxa1 Nc5 27.Ra7 Bb7 28.Ra5 Ba6 29.Nd2 Rc8 30.Nb1 Ra8
31.Nd2 Nb7 32.Ra1  1/2-1/2